书目信息 |
| 题名: |
商法案例
|
|
| 作者: | 赵万一 , 韦忠语 主编 | |
| 分册: | ||
| 出版信息: | 北京 中国人民大学出版社 2004 |
|
| 页数: | 216页 | |
| 开本: | 23cm | |
| 丛书名: | ||
| 单 册: | ||
| 中图分类: | D923.995 | |
| 科图分类: | ||
| 主题词: | 商法--案例--中国--高等学校--教学参考资料 , 商法 | |
| 电子资源: | ||
| ISBN: | 7-300-06122-2 | |
| 000 | 01024nam0 2200277 450 | |
| 000 | 01036nam0 2200277 450 | |
| 000 | 00965nam0 2200253 450 | |
| 000 | 00929oam2 2200241 45 | |
| 005 | 20070723203421.51 | |
| 010 | @a7-300-06122-2@dCNY18.00 | |
| 100 | @a20070626d2004 em y0chiy0120 ea | |
| 101 | 0 | @achi |
| 102 | @aCN@b110000 | |
| 105 | @ay z 000yy | |
| 200 | 1 | @a商法案例@AShang Fa An Li@f赵万一主编@FZhao Wan Yi Zhu Bian@g韦忠语等撰稿 |
| 210 | @a北京@c中国人民大学出版社@d2004 | |
| 215 | @a216页@d23cm | |
| 300 | @a21世纪高等院校法学系列基础教材·案例教学用书 | |
| 330 | @a本书全部采用真实的综合判例,对案例所涉及的法律争议焦点,从中外理论和学说的角度加以解说,同时包括各国司法发展现状,此外,案例教学用书设立了“课堂讨论”部分,并提供重点提示。 | |
| 606 | 0 | @a商法@x案例@y中国@x高等学校@j教学参考资料 |
| 606 | 0 | @a商法 |
| 690 | @aD923.995@v4 | |
| 701 | 0 | @a赵万一@AZhao Wan Yi@f(1963~)@4主编 |
| 701 | 0 | @a韦忠语@AWei Zhong Yu@4撰稿 |
| 801 | 0 | @aCN@bTAOJIN@c20070723 |
| 905 | @a10447@dD923.995@e730 | |
| 商法案例/赵万一主编/韦忠语等撰稿.-北京:中国人民大学出版社,2004 |
| 216页;23cm |
| 21世纪高等院校法学系列基础教材·案例教学用书 |
| ISBN 7-300-06122-2:CNY18.00 |
| 本书全部采用真实的综合判例,对案例所涉及的法律争议焦点,从中外理论和学说的角度加以解说,同时包括各国司法发展现状,此外,案例教学用书设立了“课堂讨论”部分,并提供重点提示。 |
| ● |
| 相关链接 |
|
|
|
|
正题名:商法案例
索取号:D923.995/730
 
预约/预借
| 序号 | 登录号 | 条形码 | 馆藏地/架位号 | 状态 | 备注 |
| 1 | 0823844 | 208238441 | 第一样本阅览室/ [索取号:D923.995/730] | 在馆 | |
| 2 | 0823845 | 208238450 | 密集书库/ [索取号:D923.995/730] | 在馆 | |
| 3 | 0823846 | 208238469 | 第一借阅区/ [索取号:D923.995/730] | 在馆 | |
| 4 | 0823847 | 208238478 | 第一借阅区/ [索取号:D923.995/730] | 在馆 | |
| 5 | 0823848 | 208238487 | 密集书库/ [索取号:D923.995/730] | 在馆 | |
| 6 | 0823849 | 208238496 | 密集书库/ [索取号:D923.995/730] | 在馆 | |
| 7 | 0823850 | 208238502 | 第一借阅区/ [索取号:D923.995/730] | 在馆 | |
| 8 | 0823851 | 208238511 | 第一借阅区/ [索取号:D923.995/730] | 在馆 |